00615nam a2200133Ia 4500008004100000100002700041245012300068245014000191260005300331260000900384300001200393650001500405856006100420170221s9999 xx 000 0 und d aValentin Y. Lyubashits aPsychological Bases of Formation of Key Economical Information Technology Specialist Competencies of Higher Education  cValentin Y. Lyubashits, Alexei A. Shirshov, Leonid M. Lopukhinskiy, Tаtyаnа O. Bondаrеvа, Faiz F. Khizbullin, Lydia M. Stratonova bInternational Review of Management and Marketing c2016 a15 : 16 xMarketing. uhttp://www.econjournals.com/index.php/irmm/issue/view/70